مكتبة جامعة عجلون الوطنية

فهرس بحث المكتبة

Normal view MARC view
  • اللغة الانجليزية - المهارات الدراسية - اللغة الانجليزية - تعليم (لغير الناطقين بها)

Entry Topical Term

Number of records used in: 1

001 - CONTROL NUMBER

  • control field: 50632

003 - CONTROL NUMBER IDENTIFIER

  • control field: JO-AjAnu

005 - DATE AND TIME OF LATEST TRANSACTION

  • control field: 20230606082332.0

008 - FIXED-LENGTH DATA ELEMENTS

  • fixed length control field: 230606|| aca||aabn | a|a d

040 ## - CATALOGING SOURCE

  • Original cataloging agency: JO-AjAnu
  • Transcribing agency: JO-AjAnu

150 ## - HEADING--TOPICAL TERM

  • Topical term or geographic name entry element: اللغة الانجليزية - المهارات الدراسية - اللغة الانجليزية - تعليم (لغير الناطقين بها)

670 ## - SOURCE DATA FOUND

  • Source citation: Work cat.: (JO-AjAnu)25883: الغزالي، مصطفى, author 50631, إستمتع بتعلم مهارة الخط في اللغة الإنجليزية: إبدأ الإنجليزية من نقطة الصفر مع شرائح عرض متحركة ومقاطع فيديو